000 00511nam a2200145 a 4500
001 000042706
005 20201002040333.0
008 140205s2007 sp 000 0 spa d
040 _aDO-SdBNP
_bspa
_cBNPHU
245 0 0 _aDirectrices Editoriales :
_bValores y Criterios de la BBC /
_ctraducción y edición.
260 _aMadrid :
_bAsociación de la Prensa de Madrid (APM),
_c2007.
300 _a227 p. ;
_c24 cm.
500 _atraducción y edición APM
710 2 _aAsociación de la Prensa de Madrid (APM)
_970017
999 _c42195
_d42195